Установка гидромониторно-эрозионного бурения; Современные техника и технологии; Т. 1

Dettagli Bibliografici
Parent link:Современные техника и технологии: сборник трудов XVI Международной научно-практической конференции студентов, аспирантов и молодых ученых, Томск, 12-16 апреля 2010 г/ Национальный исследовательский Томский политехнический университет (ТПУ).— , 2010
Т. 1.— 2010.— [С. 334-336]
Autore principale: Ковалев А. В. Артем Владимирович
Altri autori: Самохвалов М. А. Михаил Андреевич (научный руководитель)
Riassunto:Заглавие с титульного листа
Электронная версия печатной публикации
Lingua:russo
Pubblicazione: 2010
Soggetti:
Accesso online:http://www.lib.tpu.ru/fulltext/v/Conferences/2010/K04/104169.pdf
Natura: MixedMaterials Elettronico Capitolo di libro
KOHA link:https://koha.lib.tpu.ru/cgi-bin/koha/opac-detail.pl?biblionumber=227858

MARC

LEADER 00000nla2a2200000 4500
001 227858
005 20240220121615.0
035 |a (RuTPU)RU\TPU\book\248305 
035 |a RU\TPU\book\248300 
090 |a 227858 
100 |a 20121211d2010 k y0rusy50 ca 
101 0 |a rus 
102 |a RU 
105 |a y z 101zy 
135 |a drnn ---uucaa 
181 0 |a i  
182 0 |a b 
200 1 |a Установка гидромониторно-эрозионного бурения  |f А. В. Ковалев  |g науч. рук. М. А. Самохвалов 
203 |a Текст  |c электронный 
215 |a 1 файл (242 Кб) 
300 |a Заглавие с титульного листа 
300 |a Электронная версия печатной публикации 
337 |a Adobe Reader 
461 0 |0 (RuTPU)RU\TPU\book\245271  |t Современные техника и технологии  |o сборник трудов XVI Международной научно-практической конференции студентов, аспирантов и молодых ученых, Томск, 12-16 апреля 2010 г  |o в 3 т.  |f Национальный исследовательский Томский политехнический университет (ТПУ)  |d 2010 
463 0 |0 (RuTPU)RU\TPU\book\245275  |t Т. 1  |v [С. 334-336]  |d 2010  |p [511 с.] 
610 1 |a бурение 
610 1 |a эрозионное бурение 
610 1 |a гидромониторные агрегаты 
610 1 |a электронный ресурс 
610 1 |a труды учёных ТПУ 
700 1 |a Ковалев  |b А. В.  |c специалист в области нефтепромыслового оборудования  |c доцент Томского политехнического университета, кандидат технических наук  |f 1987-  |g Артем Владимирович  |3 (RuTPU)RU\TPU\pers\32098  |9 16137 
702 1 |a Самохвалов  |b М. А.  |c специалист в области нефтепромыслового оборудования  |c доцент Томского политехнического университета  |f 1948-  |g Михаил Андреевич  |3 (RuTPU)RU\TPU\pers\26126  |4 727 
801 1 |a RU  |b 63413507  |c 20121116 
801 2 |a RU  |b 63413507  |c 20150619  |g RCR 
856 4 |u http://www.lib.tpu.ru/fulltext/v/Conferences/2010/K04/104169.pdf 
942 |c CF